| 000 | 00547nam a2200205Ia 4500 | ||
|---|---|---|---|
| 003 | GCL | ||
| 008 | 140319s9999 xx 000 0 eng d | ||
| 020 | _a3829015569 | ||
| 040 |
_aGCL / _cGCL |
||
| 082 | 0 | 4 |
_a599.8 _bB I |
| 100 | 1 | _aBLOOM, STEVE | |
| 245 | 1 | 0 |
_aIN PRAISE OF PRIMATES / _cBLOOM, STEVE |
| 260 |
_aنيويورك : _bSTEVE BLOOM IMAGES ، _c1999 |
||
| 300 |
_a32 CM ؛ _c240 P |
||
| 650 | 0 | 4 | _aPRIMATES |
| 650 | 0 | 4 | _aMOTIVATION IN ANIMALS |
| 650 | 0 | 4 | _aANIMALS MUMMIES |
| 650 | 0 | 4 | _aANIMALS MODELS IN RESEARCH |
| 942 |
_2ddc _cBK |
||
| 999 |
_c6617 _d6617 |
||